[Event "Catalunya-ch prel"]
[Site "Santa Eulalia de Roncana"]
[Date "2020.02.08"]
[Round "3.4"]
[White "Barrionuevo Nistal, Hugo"]
[Black "Agapito Garrido, Bernat"]
[Result "1/2-1/2"]
[WhiteElo "1944"]
[BlackElo "1923"]
[PlyCount "42"]
[EventDate "2020.01.25"]
[EventType "swiss"]
[EventRounds "5"]
[EventCountry "ESP"]
[SourceTitle "EXT 2024"]
[Source "ChessBase"]
[SourceDate "2023.10.10"]
[SourceVersion "1"]
[SourceVersionDate "2023.10.10"]
[SourceQuality "1"]

1. e4 e5 2. Nf3 Nf6 3. Nxe5 d6 4. Nxf7 Kxf7 5. d4 Be7 6. Nc3 Bg4 7. Bc4+ Kf8 8. f3 Bh5 9. 0-0 Bf7 10. Bxf7 Kxf7 11. f4 Nc6 12. d5 Nb4 13. a3 Na6 14. e5 Ng8 15. Ne4 Ke8 16. Qg4 Bf8 17. exd6 cxd6 18. Ng5 Nf6 19. Re1+ Be7 20. Qe6 Rf8 21. Qe2 Qd7 1/2-1/2

[Event "Catalunya-ch prel"]
[Site "Santa Eulalia de Roncana"]
[Date "2020.01.25"]
[Round "1.1"]
[White "Barrionuevo Nistal, Hugo"]
[Black "Lopez Nadal, Alex"]
[Result "0-1"]
[WhiteElo "1944"]
[BlackElo "2153"]
[PlyCount "56"]
[EventDate "2020.01.25"]
[EventType "swiss"]
[EventRounds "5"]
[EventCountry "ESP"]
[SourceTitle "EXT 2024"]
[Source "ChessBase"]
[SourceDate "2023.10.10"]
[SourceVersion "1"]
[SourceVersionDate "2023.10.10"]
[SourceQuality "1"]

1. e4 g6 2. d4 Bg7 3. Nc3 d6 4. f4 a6 5. Nf3 b5 6. Be3 Bb7 7. Bd3 Nd7 8. e5 c5 9. e6 fxe6 10. Ng5 Bxd4 11. Bxd4 cxd4 12. Nxe6 Qb6 13. Ne4 Ngf6 14. N4g5 Bxg2 15. Nxh7 Nc5 16. Bxg6+ Kd7 17. Nxc5+ dxc5 18. Nxf6+ Qxf6 19. Qg4+ Qe6+ 20. Qxe6+ Kxe6 21. f5+ Kf6 22. Rg1 Rxh2 23. Kf2 Bd5+ 24. Kg3 Rh6 25. Rae1 Rg8 26. Kf4 Rh4+ 27. Rg4 Rxg4+ 28. Kxg4 e6 0-1

[Event "Roncana op-A 12th"]
[Site "Santa Eulalia de Roncana"]
[Date "2018.11.10"]
[Round "6"]
[White "Lopez Nadal, Alex"]
[Black "Barrionuevo Nistal, Hugo"]
[Result "1-0"]
[WhiteElo "1798"]
[BlackElo "1727"]
[PlyCount "91"]
[EventDate "2018.09.29"]
[EventType "swiss"]
[EventRounds "8"]
[EventCountry "ESP"]
[SourceTitle "CBM 187 Extra"]
[Source "ChessBase"]
[SourceDate "2018.11.04"]
[SourceVersion "1"]
[SourceVersionDate "2018.11.04"]
[SourceQuality "1"]

1. e4 e6 2. Nf3 d5 3. e5 c5 4. b4 d4 5. bxc5 Bxc5 6. c4 Nc6 7. d3 Nge7 8. Bf4 Ng6 9. Bg3 Qc7 10. Qe2 b6 11. a3 Bb7 12. Nbd2 Nce7 13. h3 0-0 14. Bh2 a6 15. Nb3 Rab8 16. Nbxd4 Bxd4 17. Nxd4 Rfd8 18. Nb3 Nc6 19. f4 Nd4 20. Nxd4 Rxd4 21. Qf2 Qc5 22. Bg1 Qa5+ 23. Qd2 Qxd2+ 24. Kxd2 Rxf4 25. Be3 Rf5 26. d4 Rd8 27. Kc3 Be4 28. Rg1 f6 29. exf6 Rxf6 30. Bg5 Rf2 31. Bxd8 Rc2+ 32. Kb3 b5 33. cxb5 axb5 34. Bxb5 Rc8 35. Ba5 Bc2+ 36. Kb2 Nf4 37. Rac1 Rb8 38. Ka2 Bb3+ 39. Kxb3 Rxb5+ 40. Ka4 Rd5 41. Bb4 Rxd4 42. Rc8+ Kf7 43. Rf1 Kg6 44. Rxf4 Rxf4 45. Re8 Re4 46. Kb5 1-0

[Event "Maresme op 14th"]
[Site "Maresme"]
[Date "2017.11.11"]
[Round "6"]
[White "Gonzalez Moreno, Antoni"]
[Black "Barrionuevo Nistal, Hugo"]
[Result "0-1"]
[WhiteElo "1691"]
[BlackElo "1480"]
[PlyCount "62"]
[EventDate "2017.09.30"]
[EventType "swiss"]
[EventRounds "9"]
[EventCountry "ESP"]
[SourceTitle "CBM 181 Extra"]
[Source "ChessBase"]
[SourceDate "2017.12.12"]
[SourceVersion "1"]
[SourceVersionDate "2017.12.12"]
[SourceQuality "1"]

1. c4 e5 2. Nc3 c5 3. g3 g6 4. Bg2 Bg7 5. e3 Nc6 6. d3 Nge7 7. Nge2 d6 8. b3 Be6 9. Bb2 Qd7 10. a3 0-0 11. 0-0 Bh3 12. d4 Bxg2 13. Kxg2 cxd4 14. exd4 exd4 15. Nb5 d3 16. Ned4 a6 17. Qxd3 axb5 18. cxb5 Nxd4 19. Bxd4 Bxd4 20. Qxd4 Nf5 21. Qd3 Rfe8 22. Rfe1 Rxe1 23. Rxe1 Rxa3 24. Rc1 Ra5 25. b6 Qd8 26. Rc7 Ra6 27. Qc4 Ne7 28. Qb5 Rxb6 29. Qxb6 Nd5 30. Qxb7 Nxc7 31. b4 Qa8 0-1

[Event "Mataro Vinas Memorial-B 13th"]
[Site "Mataro"]
[Date "2017.06.03"]
[Round "6.3"]
[White "Barrionuevo Nistal, Hugo"]
[Black "Soler Casado, Manuel"]
[Result "1/2-1/2"]
[WhiteElo "1428"]
[BlackElo "1645"]
[PlyCount "150"]
[EventDate "2017.04.22"]
[EventType "swiss"]
[EventRounds "8"]
[EventCountry "ESP"]
[SourceTitle "EXT 2024"]
[Source "ChessBase"]
[SourceDate "2023.10.10"]
[SourceVersion "1"]
[SourceVersionDate "2023.10.10"]
[SourceQuality "1"]

1. c4 c6 2. Nf3 d5 3. cxd5 cxd5 4. g3 e6 5. Bg2 Nc6 6. d4 Nf6 7. Nc3 Be7 8. 0-0 0-0 9. a3 a6 10. Bd2 Ne4 11. Qc2 Nxd2 12. Qxd2 Bf6 13. e3 Rb8 14. Rac1 Bd7 15. b4 b5 16. Ne1 Qe7 17. Nd3 Rfc8 18. Nc5 a5 19. bxa5 Nxa5 20. Nxd5 exd5 21. Qxa5 Bc6 22. Bh3 Ra8 23. Qb4 Rcb8 24. Rc3 Be8 25. Bg2 Qd6 26. Nd3 Be7 27. Rfc1 Qe6 28. Nc5 Qf5 29. e4 Qg6 30. exd5 Ra4 31. Qb3 Rxd4 32. Re1 Bxc5 33. Rxc5 Bd7 34. Bf1 Qd6 35. Rec1 h5 36. Bxb5 Bxb5 37. Rxb5 Rxb5 38. Qxb5 Rxd5 39. Qe8+ Qf8 40. Qxf8+ Kxf8 41. Kf1 Rd2 42. Ra1 Ke7 43. Kg2 Kd7 44. Kf3 Kc6 45. Ke3 Rb2 46. h4 Rc2 47. f4 Kb6 48. a4 Ka5 49. Kf3 g6 50. Ke3 Rb2 51. Kf3 Rb4 52. Ra3 Rc4 53. Kf2 Kb4 54. Ra1 Ka5 55. Kf3 Rb4 56. Re1 Rb7 57. Re4 Rb6 58. f5 Rc6 59. Kf4 Rc3 60. Re3 Rc4+ 61. Re4 Rc3 62. fxg6 fxg6 63. Re5+ Kxa4 64. Rg5 Rc6 65. g4 Rc4+ 66. Kf3 Rc3+ 67. Ke2 hxg4 68. Rxg4+ Kb5 69. Rxg6 Rb3 70. Rg4 Kc5 71. Kf2 Kd5 72. Kg2 Ra3 73. h5 Ra8 74. Kh3 Ke5 75. Kh4 Kf5 1/2-1/2

[Event "Mataro Vinas Memorial-B 13th"]
[Site "Mataro"]
[Date "2017.04.29"]
[Round "2.2"]
[White "Gomez Jorge, Felix"]
[Black "Barrionuevo Nistal, Hugo"]
[Result "1/2-1/2"]
[WhiteElo "1645"]
[BlackElo "1428"]
[PlyCount "41"]
[EventDate "2017.04.22"]
[EventType "swiss"]
[EventRounds "8"]
[EventCountry "ESP"]
[SourceTitle "EXT 2024"]
[Source "ChessBase"]
[SourceDate "2023.10.10"]
[SourceVersion "1"]
[SourceVersionDate "2023.10.10"]
[SourceQuality "1"]

1. d4 d5 2. c4 e6 3. Nc3 Nf6 4. Nf3 b6 5. cxd5 exd5 6. e3 Bb7 7. Bd3 Bd6 8. 0-0 0-0 9. a3 Nbd7 10. b4 Re8 11. Qc2 h6 12. Nb5 Ne4 13. Bb2 a6 14. Nc3 Rc8 15. Qe2 b5 16. Rac1 Nb6 17. Rc2 f5 18. g3 Nc4 19. Bc1 Qf6 20. Ne1 Qg5 21. Ng2 1/2-1/2

[Event "Roncana op-B 10th"]
[Site "Santa Eulalia de Roncana"]
[Date "2016.09.24"]
[Round "1"]
[White "Gomez Rivera, Judit"]
[Black "Barrionuevo Nistal, Hugo"]
[Result "1/2-1/2"]
[WhiteElo "1677"]
[BlackElo "1376"]
[PlyCount "68"]
[EventDate "2016.09.24"]
[EventType "swiss"]
[EventRounds "8"]
[EventCountry "ESP"]
[SourceTitle "EXT 2018"]
[Source "ChessBase"]
[SourceDate "2017.10.13"]
[SourceVersion "1"]
[SourceVersionDate "2017.10.13"]
[SourceQuality "1"]

1. e4 e5 2. Nf3 Nc6 3. Bb5 a6 4. Bxc6 dxc6 5. Nc3 Bd6 6. h3 Nf6 7. d3 Qe7 8. Be3 Bd7 9. a3 Bc5 10. Qd2 Bxe3 11. Qxe3 Nh5 12. Ne2 h6 13. 0-0 g5 14. d4 g4 15. hxg4 Bxg4 16. g3 Rg8 17. Rfd1 Bxf3 18. Qxf3 Qh4 19. Kg2 Nf4+ 20. Kf1 Qh3+ 21. Ke1 Nxe2 22. Qxe2 Rg4 23. Kd2 Qh5 24. Rh1 Qg5+ 25. Qe3 Qxe3+ 26. Kxe3 exd4+ 27. Kxd4 0-0-0+ 28. Ke3 Re8 29. Rxh6 Rgxe4+ 30. Kf3 Re2 31. Rc1 Rd2 32. b4 Rd4 33. Rf6 Re7 34. Rh1 Rd6 1/2-1/2

[Event "Roncana op-B 9th"]
[Site "Santa Eulalia de Roncana"]
[Date "2015.11.21"]
[Round "7"]
[White "Barrionuevo Nistal, Hugo"]
[Black "Homs Jimenez, Pau"]
[Result "1/2-1/2"]
[WhiteElo "1801"]
[BlackElo "1722"]
[PlyCount "36"]
[EventDate "2015.10.03"]
[EventType "swiss"]
[EventRounds "8"]
[EventCountry "ESP"]
[SourceTitle "EXT 2017"]
[Source "ChessBase"]
[SourceDate "2016.10.25"]
[SourceVersion "1"]
[SourceVersionDate "2016.10.25"]
[SourceQuality "1"]

1. e4 c5 2. d3 Nc6 3. g3 d5 4. Bg2 dxe4 5. Bxe4 Nf6 6. Bg2 Bg4 7. Nf3 c4 8. h3 Bh5 9. Be3 cxd3 10. cxd3 Bg6 11. d4 Qa5+ 12. Nc3 0-0-0 13. Qb3 Qb4 14. 0-0 e6 15. Rfd1 a6 16. Rac1 Kb8 17. Na4 Qxb3 18. axb3 Bd6 1/2-1/2

[Event "Roncana op-B 9th"]
[Site "Santa Eulalia de Roncana"]
[Date "2015.10.31"]
[Round "4"]
[White "Del Rio, Jose Antonio"]
[Black "Barrionuevo Nistal, Hugo"]
[Result "1/2-1/2"]
[WhiteElo "1737"]
[BlackElo "1801"]
[PlyCount "76"]
[EventDate "2015.10.03"]
[EventType "swiss"]
[EventRounds "8"]
[EventCountry "ESP"]
[SourceTitle "EXT 2017"]
[Source "ChessBase"]
[SourceDate "2016.10.25"]
[SourceVersion "1"]
[SourceVersionDate "2016.10.25"]
[SourceQuality "1"]

1. d4 d5 2. Nf3 e6 3. Bf4 Nf6 4. e3 Be7 5. Bd3 Nbd7 6. Nbd2 b6 7. 0-0 Bb7 8. Ne5 Nxe5 9. Bxe5 Bd6 10. Nf3 0-0 11. Bxd6 Qxd6 12. Ne5 c5 13. c3 Rac8 14. f4 c4 15. Bc2 Ne4 16. Rf3 f6 17. Ng4 Qd7 18. Rh3 Qf7 19. Qf3 Rce8 20. Nf2 f5 21. Nxe4 fxe4 22. Qf2 Bc8 23. g4 Qg6 24. Qg2 h6 25. Rg3 Qf6 26. Rf1 g6 27. Qh3 Kg7 28. Kh1 b5 29. Rfg1 Qf7 30. Bd1 Rh8 31. Qg2 Qe7 32. Be2 Bd7 33. Qf2 Ref8 34. g5 h5 35. h4 a6 36. Bf1 e5 37. dxe5 Qxe5 38. Qh2 Qe7 1/2-1/2

[Event "Roncana op-B 9th"]
[Site "Santa Eulalia de Roncana"]
[Date "2015.10.03"]
[Round "1"]
[White "Barrionuevo Nistal, Hugo"]
[Black "Boixader Puig, Angel"]
[Result "1/2-1/2"]
[WhiteElo "1801"]
[BlackElo "1686"]
[PlyCount "36"]
[EventDate "2015.10.03"]
[EventType "swiss"]
[EventRounds "8"]
[EventCountry "ESP"]
[SourceTitle "EXT 2017"]
[Source "ChessBase"]
[SourceDate "2016.10.25"]
[SourceVersion "1"]
[SourceVersionDate "2016.10.25"]
[SourceQuality "1"]

1. e4 g6 2. d4 Bg7 3. Nc3 d6 4. Bf4 Nd7 5. Nf3 c6 6. Bc4 Qc7 7. Ng5 e6 8. Qf3 Ngf6 9. Qh3 Nh5 10. Qg4 Nxf4 11. Qxf4 Nf6 12. 0-0 h6 13. Nf3 Qe7 14. d5 0-0 15. Rfe1 cxd5 16. exd5 e5 17. Nb5 exf4 18. Rxe7 Rd8 1/2-1/2

[Event "Llinars del Valles op-B 8th"]
[Site "Llinars del Valles"]
[Date "2015.05.16"]
[Round "6"]
[White "Gonzalez Cominelli, Alejo Gabriel"]
[Black "Barrionuevo Nistal, Hugo"]
[Result "1-0"]
[WhiteElo "1849"]
[BlackElo "1785"]
[PlyCount "105"]
[EventDate "2015.04.11"]
[EventType "swiss"]
[EventRounds "9"]
[EventCountry "ESP"]
[SourceTitle "EXT 2016"]
[Source "ChessBase"]
[SourceDate "2015.10.08"]
[SourceVersion "1"]
[SourceVersionDate "2015.10.08"]
[SourceQuality "1"]

1. c4 e5 2. Nc3 Nf6 3. g3 Bc5 4. Bg2 Nc6 5. e3 d6 6. Nge2 Be6 7. d4 exd4 8. exd4 Bxd4 9. Nxd4 Qd7 10. Nxe6 Qxe6+ 11. Qe2 Qxe2+ 12. Nxe2 0-0 13. 0-0 Rfe8 14. Nc3 a6 15. Bg5 Nd7 16. Nd5 f6 17. Bf4 Rac8 18. Bh3 Red8 19. Rfe1 Kf7 20. Be6+ Kg6 21. g4 h6 22. h4 Kh7 23. g5 hxg5 24. hxg5 Kg6 25. gxf6 gxf6 26. f3 Nd4 27. Ne7+ Kg7 28. Nxc8 Nxf3+ 29. Kf2 Nxe1 30. Rxe1 Nc5 31. Rg1+ Kh7 32. Bf5+ Kh8 33. Ne7 Re8 34. Nd5 Rg8 35. Rh1+ Kg7 36. Rg1+ Kh8 37. Rxg8+ Kxg8 38. Nxc7 Kf7 39. Bxd6 Na4 40. b3 Nc3 41. a3 Nd1+ 42. Ke2 Nc3+ 43. Kd2 Na2 44. Be4 a5 45. Bxb7 Kg6 46. Kc2 Kg5 47. Kb2 Kg4 48. Kxa2 f5 49. b4 axb4 50. axb4 f4 51. Bxf4 Kxf4 52. c5 Ke5 53. Kb3 1-0

[Event "Llinars del Valles op-B 8th"]
[Site "Llinars del Valles"]
[Date "2015.04.18"]
[Round "2"]
[White "Lafuente Ruiz, Jose Manuel"]
[Black "Barrionuevo Nistal, Hugo"]
[Result "1/2-1/2"]
[WhiteElo "1844"]
[BlackElo "1785"]
[PlyCount "29"]
[EventDate "2015.04.11"]
[EventType "swiss"]
[EventRounds "9"]
[EventCountry "ESP"]
[SourceTitle "EXT 2016"]
[Source "ChessBase"]
[SourceDate "2015.10.08"]
[SourceVersion "1"]
[SourceVersionDate "2015.10.08"]
[SourceQuality "1"]

1. e4 e5 2. Nf3 Nc6 3. Bc4 Bc5 4. b4 Bxb4 5. c3 Bc5 6. Qb3 Qe7 7. d4 exd4 8. 0-0 Na5 9. Qa4 Nxc4 10. Qxc4 d6 11. cxd4 Be6 12. Qb5+ c6 13. Qd3 Bb4 14. d5 Bd7 15. Nc3 1/2-1/2

[Event "Roncana op-B 8th"]
[Site "Santa Eulalia de Roncana"]
[Date "2014.10.18"]
[Round "2"]
[White "Aguilera Malagon, Paulino"]
[Black "Barrionuevo Nistal, Hugo"]
[Result "1/2-1/2"]
[WhiteElo "1738"]
[BlackElo "1814"]
[PlyCount "88"]
[EventDate "2014.10.11"]
[EventType "swiss"]
[EventRounds "8"]
[EventCountry "ESP"]
[SourceTitle "EXT 2016"]
[Source "ChessBase"]
[SourceDate "2015.10.08"]
[SourceVersion "1"]
[SourceVersionDate "2015.10.08"]
[SourceQuality "1"]

1. b3 e5 2. Bb2 Nc6 3. e3 Nf6 4. Bb5 d6 5. c4 Bf5 6. Nc3 Be7 7. d3 0-0 8. e4 Bg6 9. Bxc6 bxc6 10. Nge2 Re8 11. 0-0 d5 12. cxd5 cxd5 13. Ng3 c6 14. d4 Bd6 15. f3 Bc7 16. b4 exd4 17. Nce2 dxe4 18. fxe4 Nxe4 19. Rf3 Ng5 20. Rf1 d3 21. Nf4 Ne4 22. Nxg6 Bb6+ 23. Kh1 Nxg3+ 24. hxg3 fxg6 25. Qb3+ Qd5 26. Qxd5+ cxd5 27. Rad1 Re3 28. Kh2 a5 29. b5 Bc7 30. Rf3 Rxf3 31. gxf3 Re8 32. Rxd3 Re2+ 33. Kh3 Rxb2 34. a4 d4 35. Rxd4 Rb4 36. Rd7 Rc4 37. f4 h6 38. Kg4 Bb6 39. Rd6 Bd4 40. b6 Bxb6 41. Rxb6 Rxa4 42. Ra6 Kf7 43. Ra7+ Kf6 44. Ra6+ Kf7 1/2-1/2

[Event "Llinars del Valles op-B 8th"]
[Site "Llinars del Valles"]
[Date "2014.04.26"]
[Round "1"]
[White "Salinas Duffo, Gaspar"]
[Black "Barrionuevo Nistal, Hugo"]
[Result "1-0"]
[WhiteElo "1700"]
[BlackElo "1820"]
[PlyCount "129"]
[EventDate "2014.04.26"]
[EventType "swiss"]
[EventRounds "8"]
[EventCountry "ESP"]
[SourceTitle "EXT 2015"]
[Source "ChessBase"]
[SourceDate "2014.11.20"]
[SourceVersion "1"]
[SourceVersionDate "2014.11.20"]
[SourceQuality "1"]

1. d4 d5 2. Nf3 e6 3. Bf4 c5 4. e3 Nf6 5. Bd3 Be7 6. h3 0-0 7. c3 b6 8. 0-0 Bb7 9. Nbd2 Qd7 10. Re1 Ne4 11. Bxe4 dxe4 12. Ng5 Bxg5 13. Bxg5 Qd5 14. Qg4 Qf5 15. Qxf5 exf5 16. Nc4 Bd5 17. Nd6 g6 18. Be7 a6 19. Bxf8 Kxf8 20. c4 Be6 21. dxc5 bxc5 22. b3 Ra7 23. Red1 Ke7 24. Rd2 Nc6 25. Rad1 Nb4 26. f3 exf3 27. gxf3 Nc6 28. Kf2 a5 29. Nb5 Rd7 30. Rxd7+ Bxd7 31. Nc7 Nb4 32. Nd5+ Ke6 33. Nxb4 axb4 34. Rd5 g5 35. Rxc5 f4 36. Rxg5 fxe3+ 37. Kxe3 Kf6 38. h4 Bf5 39. Rg1 Ke6 40. Kf4 Bc2 41. Rc1 Bd3 42. c5 Kd7 43. c6+ Kc7 44. Ke3 Bb5 45. Kd4 Bxc6 46. Kc5 Bxf3 47. Kxb4+ Kb6 48. Rf1 Bd5 49. Rf6+ Kc7 50. Kc5 Be6 51. Rh6 Bf5 52. b4 Kb7 53. a4 Bg6 54. b5 f5 55. h5 f4 56. Rxg6 f3 57. Rf6 h6 58. Rxf3 Ka7 59. Rf6 Kb7 60. a5 Kc7 61. Rf7+ Kb8 62. Kb6 Kc8 63. Kc6 Kb8 64. b6 Ka8 65. Rf8# 1-0